00781nam a2200217 i 4500001000700000003000900007007000300016008004100019080002500060100002700085245010000112250001300212260003700225300002200262490003400284500002900318830004200347852003300389999001900422952012200441105779ES-MaACLt|060828s1965 ag ||||1| spa d a821.134.2(82)-31"19"1 aGuido, Beatriz.96065713aEl incendio y las vísperas b: 17 de octubre de 1952 - 15 de abril de 1953 / cBeatriz Guido. a11ª ed. aBuenos Aires : bLosada, c1965. a175 p. ; c20 cm.1 aNovelistas de nuestra época aBiblioteca Juan Andrade.0 aNovelistas de nuestra época9181054 aES-MaACLjAND-599 bR.109897 c105779d105779 00104070aATENEOMbATENEOMcDEPO2d2008-01-17eSCl0oAND-599p1110436r2023-02-23 00:00:00w2023-02-23yMONOGRAFIA